সুন্দরবনের কবিতা : (Record no. 3531)
[ view plain ]
| 000 -LEADER | |
|---|---|
| fixed length control field | 00934nam a2200229 a 4500 |
| 001 - CONTROL NUMBER | |
| JCCL Control Number | 3531 |
| 003 - CONTROL NUMBER IDENTIFIER | |
| JCCL marc code | BD-JhCC |
| 005 - DATE AND TIME OF LATEST TRANSACTION | |
| control field | 20171115171106.0 |
| 008 - FIXED-LENGTH DATA ELEMENTS--GENERAL INFORMATION | |
| fixed length control field | 171002s2000 bg |||| ||a| 000 0 ben d |
| 020 ## - INTERNATIONAL STANDARD BOOK NUMBER | |
| International Standard Book Number | 9843109457 |
| 035 ## - SYSTEM CONTROL NUMBER | |
| system control number | (BD-JhCC) |
| 040 ## - CATALOGING SOURCE | |
| Original cataloging agency | BD-JhCC |
| Modifying agency | BD-JhCC |
| 041 ## - LANGUAGE CODE | |
| Language code of Book | ben |
| 082 ## - DEWEY DECIMAL CLASSIFICATION NUMBER | |
| Classification number | 891.4415 |
| Author mark and Year | SID 2000 |
| 100 ## - MAIN ENTRY--PERSONAL NAME | |
| Personal name | সিদ্দীকি, আ স ম হেলাল |
| 245 ## - TITLE STATEMENT | |
| Title | সুন্দরবনের কবিতা : |
| Remainder of title | বিশ্ব ঐতিহ্য ম্যানগ্রোভ সুন্দরবনের উপর তথ্য ভিত্তিক ৫১ টি কবিতা সম্বলিত কাব্য গ্রন্থ / |
| Statement of responsibility, etc | আ স ম হেলাল সিদ্দীকি |
| 260 ## - PUBLICATION, DISTRIBUTION, ETC. (IMPRINT) | |
| Place of publication, distribution, etc | ঢাকা: |
| Name of publisher, distributor, etc | নজরুল ইন্সটিটিউট, |
| Date of publication, distribution, etc | ১৯৯৭ |
| 300 ## - PHYSICAL DESCRIPTION | |
| Pagination | 66 p.; |
| Dimensions | 22 cm |
| 650 ## - SUBJECT ADDED ENTRY--TOPICAL TERM | |
| Topical term or geographic name as entry element | Bengali poetry |
| 942 ## - ADDED ENTRY ELEMENTS (KOHA) | |
| Source of classification or shelving scheme | Dewey Decimal Classification |
| Koha item type | Books |
| Source of classification or shelving scheme | Damaged status | Not for loan | Home library | Current library | Date of accession | Cost, normal purchase price | Total Checkouts | Full call number | Barcode | Date last seen | Copy number | Koha item type | Shelving location | Method of acquisition | Currency | Date checked out |
|---|---|---|---|---|---|---|---|---|---|---|---|---|---|---|---|---|
| Dewey Decimal Classification | JCC Rouf Library | JCC Rouf Library | 11/14/2017 | 150.00 | 891.4415 SID 2000 | 5248 | 11/14/2017 | C-1 | Books | |||||||
| Dewey Decimal Classification | JCC Rouf Library | JCC Rouf Library | 11/14/2017 | 150.00 | 891.4415 SID 2000 | 5259 | 11/14/2017 | C-2 | Books | |||||||
| Dewey Decimal Classification | JCC Rouf Library | JCC Rouf Library | 11/14/2017 | 150.00 | 891.4415 SID 2000 | 5260 | 11/14/2017 | C-3 | Books | |||||||
| Dewey Decimal Classification | JCC Rouf Library | JCC Rouf Library | 11/16/2017 | 150.00 | 891.4415 SID 2000 | 5406 | 11/16/2017 | C-4 | Books | General Stacks | Purchase | |||||
| Dewey Decimal Classification | JCC Rouf Library | JCC Rouf Library | 11/20/2017 | 150.00 | 1 | 891.4415 SID 2000 | 5826 | 09/26/2024 | C- 5 | Books | General Stacks | 09/16/2024 |